| 000 | 00973nam a2200313Ia 4500 | ||
|---|---|---|---|
| 003 | OSt | ||
| 005 | 20221006160410.0 | ||
| 006 | a|||||r|||| 00| 0 | ||
| 007 | ta | ||
| 008 | 221006b |||||||| |||| 00| 0 eng d | ||
| 020 |
_a9780521514040 _c _39.95 |
||
| 024 | _a45,134 | ||
| 037 |
_bGift, Japan Foundation _cTextual |
||
| 040 |
_aEASL _cEASL _beng |
||
| 041 |
_2eng _aeng |
||
| 082 | _aU42.42, Q0 | ||
| 100 |
_aChung Erin Aeran _9673281 |
||
| 245 | 0 | _aImmigration and citizenship in Japan | |
| 260 |
_aCambridge _bCambridge University Press _c2010 |
||
| 300 |
_a220p. _ccm. |
||
| 490 | _v JEL | ||
| 650 |
_a Assimilation - Sociology - Japan _9673282 |
||
| 650 |
_a Citizenship - Japan _9668052 |
||
| 650 | _a Japan - History | ||
| 650 |
_a Japan - Social conditions _9582428 |
||
| 650 |
_aJapan - Emmigration and immigration _9673283 |
||
| 942 |
_hU42.42, Q0 _cTEXL _2CC |
||
| 999 |
_c1113226 _d1113226 |
||